Osnovanija intuicionistskoj matematiki s točki zvonija teorii rekursivnych funkcij

Gespeichert in:
Bibliographische Detailangaben
Hauptverfasser: Klini, S. (Verfasst von), Vesli, R. (Verfasst von)
Format: Buch
Sprache:Russisch
Veröffentlicht: Moskva : Nauka, 1978
Ausgabe:Z angl. prel. F.A.Kabakov, B.A.Kušner
Tags: Tag hinzufügen
Keine Tags, Fügen Sie das erste Tag hinzu!

MARC

LEADER 00000nam a22000003a 4500
001 stu201621
005 20150617230106.6
008 100326s1978----xxr-----------------rus-d
040 |a STU  |b slo 
041 0 |a rus 
044 |a xxr 
080 |a 512  |7 stu_us_auth*stu7982 
100 1 |a Klini, S.  |4 aut 
245 1 |a Osnovanija intuicionistskoj matematiki s točki zvonija teorii rekursivnych funkcij 
250 |a Z angl. prel. F.A.Kabakov, B.A.Kušner 
260 |a Moskva :  |b Nauka,  |c 1978 
300 |a 271 s 
700 1 |a Vesli, R.  |4 aut 
996 |b E41673  |c E*41673  |l EE03  |s P  |a 0  |w stu201621_0002